00354nam a2200145Ia 4500003000500000008004100005020001800046040001900064082000700083100002300090245004300113260003200156300000800188546001200196STCL181203s9999 xx 000 0 und d a9781784703936 aSTCLbENcSTCL 222 aHarari, Yuval Noah 0aHomo Deus: A Brief History of Tomorrow bVintage BooksaLondonc2017 a513 aEnglish